00218nam a2200097Ia 4500008004100000100000900041245002000050260002600070942000700096999001700103190216s9999||||xx |||||||||||||| ||und|| aNull 0aHindi-Ram Rajya bMinistry Of Education cBK c18229d18229